000 00504nam a2200157Ia 4500
008 230907s9999||||xx |||||||||||||| ||und||
082 _a621.3124
_bUMA
100 _aUmair Saleem (NUST201361502MCES64113F)
_9116318
245 0 _aDesign and development of PCM based cooling system for domestic building /
260 _aUSPCAS-E, NUST,
_bIslamabad :
_c2016
300 _axi, 78+ xxvi p. :
520 _aTH-39
650 _aMS-ESE Thesis MS Thesis
700 _aDr Adeel Waqas
_928869
942 _cTHE
_2ddc
999 _c601718
_d601718